000 00195 a2200097 4500
001 35146
100 _aA H M
245 _aDoosra Rukh
260 _aLahore
_bSange Meel
_c
090 _c23290
_d23290
942 _aNUST-CAE
_cM
_c14770
999 _c270219
_d270219